| 000 | 00539cam a22001571 4500 | ||
|---|---|---|---|
| 082 |
_a621.83 _bBUC _cL-13, P-2 |
||
| 100 | 1 |
_aBuckingham, Earle, _941938 |
|
| 245 | 1 | 0 | _aAnalytical mechanics of gears. |
| 260 |
_aNew York, _bDover Publications _c[1963, c1949] |
||
| 300 |
_aix, 546 p. _bdiagrs. _c22 cm. |
||
| 500 | _a"An unabridged and corrected republication of the work first published ... in 1949." | ||
| 526 |
_a0 _b0 _c0 _d621_830000000000000_BUC |
||
| 650 | 0 |
_aGearing. _941939 |
|
| 650 | 0 |
_aMechanics, Applied. _913090 |
|
| 942 |
_2ddc _cBK |
||
| 999 |
_c545955 _d545955 |
||